00634nam a2200181Ia 4500008004100000020001800041050001400059100003000073245002200103245010000125260001800225260003800243260000900281300001400290300002600304999001900330952010300349180207s9999 xx 000 0 und d a9789715162487 bB186 2003 aBalingit, Purificacion C. aRene and Ronnie / cPurificacion C. Balingit ; illustrated by Larry A. Diolola ; collors by Lloyd Guiller D. Ybera. aPhilippines : bMerryland Publishing Corporation. c2006 aunpaged : bcolor illustrations ; c355901d355901 001040aSSISMbSSISMd2018-02-07l0oBB B186 2003pSSISM5446r2018-02-07 00:00:00w2018-02-07yBK